000 00586nam a22001697a 4500
003 MACL
005 20160719120021.0
008 160719b xxu||||| |||| 00| 0 eng d
040 _cMACL
041 _aHindi
082 _a080
100 _aबिश्‍नोई, सीमा
_951119
245 _aआपका भाग्‍य और भविष्‍य
_cसीमा बिशनोई
260 _aनई दिल्‍ली
_bडिस्‍कवरी बुक सैंटर
_c2012
650 _aसामान्‍य वर्ग
_936
942 _2ddc
_cHIN
999 _c54408
_d54408